| 000 | 00406nam a22001697a 4500 | ||
|---|---|---|---|
| 005 | 20160611094825.0 | ||
| 008 | 160611b xxu||||| |||| 00| 0 eng d | ||
| 020 | _a81-7808-115-6 | ||
| 041 | _aeng | ||
| 082 | _b6775 | ||
| 100 |
_aTaylor, Shirley _91677 |
||
| 245 | _aCommunication for Business | ||
| 260 |
_aDelhi _bPearson Education _c2000 |
||
| 300 | _a312 | ||
| 650 |
_aManagement _9241 |
||
| 942 | _cBK | ||
| 999 |
_c2363 _d2362 |
||